000 00979nas a2200325 4500
001 BR2014006331
003 BR-BrBNA
005 20231205124606.0
007 ta
008 230509b bl.|||p| |||| 00| 00por d
040 _aBR-BrBNA
_bpor
_cBiblioteca Nacional de Agricultura
041 _a(Pt)
072 _aL02
100 1 _aRufino, L.M. de A.
100 1 _aBarreto, S.M.P.
100 1 _aDuarte, E.R.
100 1 _aGeraseev, L.C.
100 1 _aSantos, A.C.R.
100 1 _aJaruche, Y.G.
245 1 _aEfeitos da inclusão de torta de macaúba sobre a população de protozoários ruminais de caprinos
650 _aCAPRINO
650 _aDIETA
650 _aTORTA
650 _aMACAÚBA
650 _aRÚMEN
773 0 _tRevista Brasileira de Zootecnia (Brazil)
_xISSN 1806-9290
_g(Apr 2011), v. 40(4) p. 899-903
_wBR2014006331
856 4 0 _uhttp://www.scielo.br/pdf/rbz/v40n4/26.pdf
909 _a202311
_bLúcia
_c55
_dLúcia Elande
942 _2AGRIS
_n0
_cANA
999 _c239883
_d239883